000 01150nam a2200313 i 4500
003 DO-SdBNP
005 20260413095506.0
007 ta
008 260413b2015 dr ac||| |||| 00| 0 spa d
020 _a9789945588347
040 _aDO-SdBNP
_bspa
_cBNPHU
_erda
041 _aspa
082 4 _axxx
_bH557
_222
100 _aHernández Rueda, Lupo,
_d1930-2017
_eautor
_4aut.
_923790
245 1 3 _aLa ciudad y el amor /
_cLupo Hernández Rueda, Marcio Veloz Maggiolo, Tony Raful, Tomás Castro Burdiez ; ilustraciones, Miguel Núñez
250 _asegunda edición
264 4 _aSanto Domingo :
_bMinisterio de Cultura;
_bEditora Nacional,
_c©2015.
300 _a130 páginas :
_bilustraciones, retratos ;
_c23 cm.
336 _atexto
_btxt
_2rdacontent
337 _asin mediación
_bn
_2rdamedia
338 _avolumen
_bnc
_2rdacarrier
590 _aInventariado, 2026/BT
700 1 _aVeloz Maggiolo, Marcio,
_eautor
_4aut.
_986683
700 1 _aRaful, Tony,
_d1951-
_eautor
_4aut.
_91377
700 1 _aCastro Burdiez, Tomás,
_eautor
_4aut.
_985152
700 1 _aNúñez, Miguel,
_eilustrador
_4il.
_930794
910 _aBtavárez
942 _2ddc
_cLBS1
999 _c60538
_d60538